000 00350nam a2200145Ia 4500
008 230312s9999||||xx |||||||||||||| ||und||
020 _a9780538746762
082 _a658.404
_bBUN-M
100 _aBunin
245 0 _aMicrosoft Project 2010
260 _bCengage
_aChina
_c2012
300 _a444
650 _aComputer
_vComputer Programs
942 _cBK
999 _c17423
_d17423